000 00389nam a2200145Ia 4500
008 230711s9999||||xx |||||||||||||| ||und||
041 _aENG
082 _a621
_bFI-O
100 _aFiore, M. James
245 0 _aOperational amplifiers and linear integrated circuits
250 _a1st Ed.
260 _c1994
_aNew Delhi
_bPradeep publishers
650 _aElectronics Engineering
942 _cBK
999 _c3050
_d3050